[Event "White Nights Open"]
[Site "St Petersburg RUS"]
[Date "2008.06.27"]
[Round "7"]
[White "Khropov,B"]
[Black "Alekseenko,K"]
[Result "1/2-1/2"]
[WhiteElo "2247"]
[BlackElo "2061"]

1.c4 c6 2.Nf3 Nf6 3.g3 d5 4.Qc2 g6 5.Bg2 Na6 6.O-O Bf5 7.d3 Bg7 8.Nbd2 O-O
9.Rb1 Nb4 10.Qb3 a5 11.a3 Na6 12.Qc2 b5 13.cxb5 cxb5 14.b4 axb4 15.axb4 Qd6
16.Nd4 Bd7 17.Qb3 e5 18.Nc2 Be6 19.d4 Ne4 20.Nf3 f6 21.dxe5 fxe5 22.Ng5 Nxg5
23.Bxg5 Rac8 24.Na3 d4 25.Qb2 Nc7 26.Rbc1 h6 27.Bd2 Nd5 28.Rxc8 Rxc8 29.Be4 Nc3
30.Bxc3 dxc3 31.Qb1 Qa6 32.Nc2 Bf5 33.Ne3 Bxe4 34.Qxe4 Rd8 35.Qc2 Qa3 36.Qxg6 Qa7
37.Nf5 Kf8 38.Qc6 Qd7 39.Qc5+ Kf7 40.Nxg7 Rc8 41.Qxe5 c2 42.Nh5 c1=Q 43.Qg7+ Ke6
44.Qf6+ Kd5 45.Rxc1 Rxc1+ 46.Kg2 Qd6 47.Qf5+ Kc6 48.Qc8+ Qc7 49.Qf8 Kb7 50.Qxh6 Rc4
51.Nf4 Qe7 52.Qh5 Rxb4 53.h4 Ka6 54.Qh8 Qb7+ 55.f3 Qa7 56.h5 Rb1 57.h6 Rg1+
58.Kh3 Rh1+ 59.Kg4 Qd7+ 60.Kg5 Qe7+ 61.Kg6  1/2-1/2

[Event "White Nights Open"]
[Site "St Petersburg RUS"]
[Date "2008.06.27"]
[Round "7"]
[White "Chernov,Vl3"]
[Black "Solovjova,V"]
[Result "0-1"]
[WhiteElo "2037"]
[BlackElo "2275"]

1.c4 c6 2.d4 d5 3.cxd5 cxd5 4.Bf4 Nf6 5.Nc3 a6 6.e3 Nc6 7.Bd3 Bg4 8.f3 Bh5
9.Rc1 e6 10.Nge2 Bd6 11.O-O Bg6 12.a3 Bxf4 13.Nxf4 O-O 14.Nxg6 hxg6 15.b4 Ne8
16.Na4 Nd6 17.Nc5 Ne7 18.Re1 Nef5 19.a4 b5 20.axb5 axb5 21.Ra1 Qg5 22.f4 Qe7
23.g4 Nh4 24.Qe2 g5 25.Ra5 gxf4 26.exf4 Qf6 27.Qe3 Qxd4 28.Qxd4 Nf3+ 29.Kf2 Nxd4
30.Rea1 Rac8 31.Ra6 Nc4 32.Nd7 Rfd8 33.Nb6 Rb8 34.Bxc4 dxc4 35.Ra8 Nc2 36.R1a5 Nxb4
37.Rxb8 Rxb8 38.Ra8 Rxa8 39.Nxa8 Nd5  0-1

[Event "Sparkassen Open"]
[Site "Dortmund GER"]
[Date "2008.06.30"]
[Round "1"]
[White "Szobries,H"]
[Black "Heyden,J"]
[Result "0-1"]
[WhiteElo "1931"]
[BlackElo "2105"]

1.c4 c6 2.g3 Nf6 3.Nf3 d5 4.b3 Bg4 5.Bg2 Nbd7 6.Bb2 e6 7.d3 Bb4+ 8.Nbd2 O-O
9.O-O Qe7 10.a3 Bd6 11.b4 c5 12.bxc5 Nxc5 13.Ne5 Bh5 14.Re1 Bxe5 15.d4 Nd3
16.dxe5 Nd7 17.Qb3 N7c5 18.Qb5 Nxe1 19.Rxe1 Rad8 20.cxd5 exd5 21.Rc1 b6 22.a4 Qd7
23.Ba3 Qxb5 24.axb5 Bxe2 25.Bxc5 bxc5 26.Rxc5 d4 27.Rc7 Rc8  0-1

[Event "XII Izmailov Mem"]
[Site "Tomsk RUS"]
[Date "2008.06.30"]
[Round "6"]
[White "Khismatullin,D"]
[Black "Markov,J"]
[Result "1-0"]
[WhiteElo "2584"]
[BlackElo "2399"]

1.c4 c6 2.Nf3 Nf6 3.e3 g6 4.d4 Bg7 5.Nc3 O-O 6.Be2 d5 7.O-O Bg4 8.cxd5 Nxd5
9.h3 Bxf3 10.Bxf3 e6 11.Bd2 Nd7 12.Rc1 N7b6 13.Ne4 Nd7 14.Nd6 Qc7 15.Nc4 a5
16.e4 Nb4 17.a3 Nd3 18.Bxa5 Rxa5 19.Qxd3 Raa8 20.e5 Rfd8 21.Qb3 Ra6 22.Rfd1 Bf8
23.Be4 Nb6 24.Ne3 Ra4 25.Qc3 Qd7 26.Ng4 Bg7 27.Bc2 Rc4 28.Qb3 Qc7 29.Qe3 Nd5
30.Qe2 b5 31.Be4 Nf4 32.Qf3 Rdxd4 33.Rxc4 Rxd1+ 34.Qxd1 bxc4 35.Qd6 Qb6 36.Qe7 Qb8
37.Bxc6 h5 38.Nf6+ Bxf6 39.exf6 Qe5 40.Qe8+ Kh7 41.Qxf7+ Kh6 42.h4  1-0

[Event "Sparkassen Open"]
[Site "Dortmund GER"]
[Date "2008.07.01"]
[Round "2"]
[White "Dyballa,G"]
[Black "Muehlenhaus,S"]
[Result "0-1"]
[WhiteElo "2028"]
[BlackElo "2208"]

1.c4 c6 2.Nc3 d5 3.cxd5 cxd5 4.d4 Nf6 5.Bf4 Nc6 6.e3 a6 7.Bd3 Bg4 8.Nf3 e6
9.h3 Bh5 10.g4 Bg6 11.Ne5 Nxe5 12.Bxe5 Nd7 13.Bg3 Rc8 14.Rc1 Qb6 15.Rc2 Bb4
16.O-O Bxc3 17.Rxc3 Rxc3 18.bxc3 Qc6 19.Qc2 O-O 20.Bxg6 hxg6 21.Rc1 Rc8 22.f3 b5
23.Qb3 Nb6 24.Qb4 Nc4 25.Kf2 a5 26.Qe7 Nb2 27.Kg2 b4 28.Be1 Nd3 29.Kf1  0-1

[Event "ChInt Open"]
[Site "Paris FRA"]
[Date "2008.07.03"]
[Round "6"]
[White "Onkoud,A"]
[Black "Bergez,L"]
[Result "1-0"]
[WhiteElo "2396"]
[BlackElo "2367"]

1.c4 c6 2.d4 d5 3.Nf3 Nf6 4.Nc3 e6 5.Bg5 h6 6.Bh4 g5 7.Bg3 dxc4 8.e4 b5 9.Be2 Bb7
10.h4 g4 11.Ne5 b4 12.Na4 Nxe4 13.Bxg4 Nxg3 14.fxg3 Nd7 15.Nxc4 Ba6 16.Rc1 Qc7
17.O-O Qxg3 18.Bxe6 Bxc4 19.Rf3 Qxh4 20.Bxc4 O-O-O 21.Ba6+ Kb8 22.Rxc6 Ne5
23.Rh3 Qe4 24.Rc1 Rg8 25.Qc2 Qxd4+ 26.Kh1 Bd6 27.Qe2 Qd5 28.Rh5 f6 29.Rh4 f5
30.Rd4 Qa5 31.Rc5 Qxa4 32.Rb5+ Kc7 33.Rb7+ Kc6 34.Bb5+ Kxb7 35.Bxa4 Kc7 36.Qa6 Rg4
37.Qxa7+ Kc8 38.Bb5  1-0

[Event "XXXI Open"]
[Site "Barbera del Valles ESP"]
[Date "2008.07.04"]
[Round "1"]
[White "Pellus Ruiz,J"]
[Black "Cuartas,Ja"]
[Result "0-1"]
[WhiteElo "2219"]
[BlackElo "2495"]

1.c4 c6 2.Nc3 d5 3.d4 Nf6 4.g3 e6 5.Bg2 Nbd7 6.Nf3 Be7 7.O-O O-O 8.b3 Re8
9.Bb2 b6 10.Nd2 Bb7 11.e4 Nf8 12.e5 N6d7 13.cxd5 cxd5 14.f4 b5 15.Kh1 b4
16.Ne2 f5 17.g4 g6 18.gxf5 exf5 19.Rf3 Ne6 20.Nf1 Ng7 21.Ne3 Nf8 22.Ng3 Nfe6
23.Rf2 Qd7 24.Bf1 Bh4 25.Bd3 Rf8 26.Qf1 a5 27.Qh3 Bxg3 28.hxg3 h5 29.Qf1 Rfc8
30.Rc1 Rxc1 31.Qxc1 Rc8 32.Rc2 Rxc2 33.Qxc2 h4 34.g4 Nxf4 35.gxf5 Nxd3 36.e6 Qe7
37.Qxd3 gxf5 38.Nxf5 Qxe6 39.Nxh4 Qe1+  0-1

[Event "Volga Cup IM"]
[Site "Kostroma RUS"]
[Date "2008.07.04"]
[Round "3"]
[White "Yarysh,G"]
[Black "Shchur,V"]
[Result "0-1"]
[WhiteElo "2304"]
[BlackElo "2200"]

1.c4 c6 2.Nc3 d5 3.cxd5 cxd5 4.d4 Nf6 5.Bf4 e6 6.e3 Nc6 7.Bd3 Be7 8.h3 Qb6
9.Nb5 Qa5+ 10.Kf1 Bd8 11.Nd6+ Ke7 12.a3 Bc7 13.b4 Qb6 14.Nxc8+ Raxc8 15.Ne2 Bxf4
16.Nxf4 g6 17.Rc1 a6 18.Rc5 Na7 19.Qa4 Qd6 20.g3 Nd7 21.Rc2 Rxc2 22.Qxc2 Rc8
23.Qb2 Qc6 24.Ne2 Nb6 25.Kg2 Nc4 26.Bxc4 Qxc4 27.Rc1 Qd3 28.Rxc8 Nxc8 29.Nc1 Qc4
30.Nb3 b6 31.Nd2 Qc6 32.Nf3 Nd6 33.Ne5 Qc7 34.a4 f6 35.Nd3 Qc4 36.Ne1 Ne4
37.a5 b5 38.Kf3 Qf1 39.Ng2 Qd1+  0-1

[Event "ChInt Open"]
[Site "Paris FRA"]
[Date "2008.07.04"]
[Round "7"]
[White "Shchekachev,A"]
[Black "Romanov,E"]
[Result "1/2-1/2"]
[WhiteElo "2520"]
[BlackElo "2547"]

1.c4 c6 2.Nf3 Nf6 3.Nc3 d5 4.e3 Bg4 5.Qb3 Qb6 6.Ne5 Be6 7.d4 Nbd7 8.Nxd7 Bxd7
9.Na4 Qxb3 10.axb3 O-O-O 11.Bd3 Bg4 12.f3 Bh5 13.Bd2 Bg6 14.Bxg6 hxg6 15.cxd5 Nxd5
16.Nc5 a6 17.Nd3 f6 18.Ke2 e6 19.h3 Bd6 20.Rhc1 Nc7 21.Ba5 Rh5 22.Nc5 e5
23.Bxc7 Bxc7 24.Ne6 Rd6 25.Nxc7 Kxc7 26.dxe5 Rxe5 27.Rd1 Rxd1 28.Rxd1 Rb5
29.Rd3 a5 30.Kd2 a4 31.Kc2 Rxb3 32.Rxb3 axb3+ 33.Kxb3 b5 34.Kb4 Kb6 35.e4 c5+
36.Kc3 g5 37.g3 Kc6 38.h4 gxh4 39.gxh4 Kd6 40.f4 Ke6  1/2-1/2

[Event "World Open"]
[Site "Philadelphia USA"]
[Date "2008.07.05"]
[Round "6"]
[White "Chua,A"]
[Black "Lenderman,A"]
[Result "0-1"]
[WhiteElo "2262"]
[BlackElo "2439"]

1.c4 c6 2.d4 d5 3.cxd5 cxd5 4.Nc3 Nc6 5.Bf4 Nf6 6.e3 Bf5 7.Nf3 Qb6 8.Rc1 Qxb2
9.Bb5 e6 10.O-O Ba3 11.Qa4 O-O 12.Nh4 Rfc8 13.Nxf5 exf5 14.Rc2 Qb4 15.Nb1 Qxa4
16.Bxa4 Bb4 17.Rb2 Ba5 18.Rxb7 Bb6 19.Bxc6 Rxc6 20.Na3 Ne4 21.Nb5 a6 22.Nc7 Bxc7
23.Rxc7 Rxc7 24.Bxc7 Nc3 25.Ra1 Rc8 26.Ba5 Nxa2 27.Kf1 Rc2 28.Rb1 f6 29.Rb7 Nc1
30.Rc7 Rxc7 31.Bxc7 Nd3 32.Ke2 Nb4 33.Bd6 Nc6 34.Kd3 Kf7 35.f3 Ke6 36.Bf8 g6
37.h3 Kd7 38.Kc3 Nd8 39.Bb4 Ne6 40.Kd3 h5 41.Kc3 g5 42.g4 hxg4 43.hxg4 fxg4
44.fxg4 Nc7 45.Kd3 Ke6 46.e4 Nb5 47.exd5+ Kxd5 48.Be7 Ke6 49.Bd8 Nd6 50.Bb6 Nf7
51.Ke4 Nh6 52.Kf3 Nf7 53.Ke4 Nd6+ 54.Kd3 f5 55.gxf5+ Kxf5 56.Bc7 Ke6 57.Bd8 g4
58.Ke3 g3 59.Kf3 Nf5 60.Ba5 Kd5 61.Bb6 Kc6 62.Ba5 Kb5 63.Be1 Kc4 64.Ke4 g2
65.Bf2 a5 66.Kxf5 Kd5 67.Kg4 a4 68.Kf3 a3 69.Kxg2 a2 70.Kf3 a1=Q 71.Be3 Qh1+  0-1

[Event "FSIM July"]
[Site "Budapest HUN"]
[Date "2008.07.06"]
[Round "2"]
[White "Solomons,D"]
[Black "Petursson,G"]
[Result "1/2-1/2"]
[WhiteElo "2216"]
[BlackElo "2135"]

1.c4 c6 2.Nf3 d5 3.b3 Nf6 4.Bb2 Bf5 5.g3 e6 6.Bg2 Be7 7.O-O O-O 8.d3 h6 9.Nbd2 Nbd7
10.Kh1 Bh7 11.Rc1 Re8 12.Ne1 e5 13.e4 Bf8 14.Qe2 Nc5 15.Rd1 dxe4 16.dxe4 Qc7
17.f3 Rad8 18.Bh3 Ne6 19.Nd3 Nd4 20.Qe3 Nc2 21.Qe2 Nd4 22.Qe3  1/2-1/2

[Event "ch-PHI Finals"]
[Site "Mandaluyong PHI"]
[Date "2008.07.06"]
[Round "8"]
[White "Bitoon,R"]
[Black "Paragua,M"]
[Result "0-1"]
[WhiteElo "2439"]
[BlackElo "2523"]

1.c4 c6 2.e4 d5 3.exd5 cxd5 4.cxd5 Nf6 5.Qa4+ Nbd7 6.Nc3 g6 7.g3 Bg7 8.Bg2 O-O
9.Nge2 e6 10.O-O Nb6 11.Qb3 Nfxd5 12.d4 Bd7 13.Nxd5 exd5 14.Nc3 Bc6 15.Bf4 Nc4
16.Rad1 Re8 17.h4 Rc8 18.Bg5 Qd7 19.Kh2 b5 20.Bh3 f5 21.Bg2 a5 22.a3 Rb8
23.Bf4 Rb7 24.Rfe1 Rc8 25.Rc1 a4 26.Qc2 b4 27.axb4 Rxb4 28.Rb1 Bxd4 29.Red1 Nb6
30.Qd2 Bg7 31.Ne2 Rxb2 32.Rxb2 Nc4 33.Qxd5+ Bxd5 34.Rxd5 Qa7 35.Rc2 a3 36.Rxc4 Rxc4
37.Rd8+ Kf7 38.Be3 Rxh4+ 39.Kg1 a2 40.Bxa7 a1=Q+ 41.Bf1 Qxa7 42.gxh4 Bf6
43.Rd2 Bxh4 44.Nf4 Bg5 45.Bc4+ Kf6 46.Ra2 Qb7 47.Ra6+ Ke5 48.Ng2 Qb1+ 49.Bf1 Bd2
50.Ra7 g5 51.Rxh7 f4 52.Re7+ Kf6 53.Rd7 Qc1 54.Rd6+ Ke5 55.Rd8 Bb4 56.Re8+ Kf6
57.Re4 Bd6 58.Re1 Qc3 59.Rd1 Bc5 60.Rd5 Qc2 61.Be2 Qb1+ 62.Bd1 Bxf2+ 63.Kf1 Bg3
64.Rd6+ Ke7 65.Rd5 Qb2  0-1

[Event "Superfinal Chelyabinsk Oblast"]
[Site "Satka RUS"]
[Date "2008.07.06"]
[Round "12"]
[White "Sherbakov,R"]
[Black "Looshnikov,N"]
[Result "1/2-1/2"]
[WhiteElo "2509"]
[BlackElo "2462"]

1.c4 c6 2.d4 d5 3.cxd5 cxd5 4.Nc3 Nf6 5.Nf3 Nc6 6.Bf4 e6 7.e3 Bd6 8.Bxd6 Qxd6
9.Bd3 O-O 10.O-O Bd7 11.Qe2 Rfc8 12.Rac1  1/2-1/2

[Event "XXXI Open"]
[Site "Barbera del Valles ESP"]
[Date "2008.07.07"]
[Round "3"]
[White "Pellus Ruiz,J"]
[Black "Bardera Gil,S"]
[Result "1-0"]
[WhiteElo "2219"]
[BlackElo "2101"]

1.c4 c6 2.Nc3 d5 3.d4 Nf6 4.g3 Bf5 5.Bg2 e6 6.Nf3 Nbd7 7.Qb3 Qb6 8.c5 Qxb3
9.axb3 Be7 10.Bf4 Nh5 11.b4 Nxf4 12.gxf4 O-O 13.b5 f6 14.O-O a5 15.Rfc1 Bg6
16.b6 e5 17.e3 Bh5 18.fxe5 Bxf3 19.Bxf3 fxe5 20.Bg4 exd4 21.exd4 Nxc5 22.Nxd5 cxd5
23.dxc5 Rf6 24.f3 Rc6 25.b4 g6 26.Bd7 Rf6 27.bxa5 Rd8 28.a6 Rxd7 29.a7 Rf8
30.a8=Q Rxa8 31.Rxa8+ Kf7 32.Rc8 d4 33.Rc7 Ke8 34.c6 bxc6 35.b7 Rd8 36.Rc8 Bd6
37.R1xc6 Bf4 38.Rxd8+ Kxd8 39.Rc8+  1-0

[Event "7th Open"]
[Site "La Fere FRA"]
[Date "2008.07.07"]
[Round "3"]
[White "Wirig,A"]
[Black "Jouneau,Q"]
[Result "1-0"]
[WhiteElo "2456"]
[BlackElo "1978"]

1.c4 c6 2.Nf3 Nf6 3.Nc3 d5 4.e3 a6 5.Qc2 Qc7 6.d4 Nbd7 7.Bd2 e5 8.cxd5 cxd5
9.Rc1 exd4 10.Nxd4 Bd6 11.Nxd5 Qxc2 12.Nxf6+ Nxf6 13.Rxc2 Ne4 14.Bd3 Nxd2
15.Kxd2 g6 16.Be4 O-O 17.Ke2 Ra7 18.Rd1 Be5 19.Rc5 Bg7 20.Rdc1 Bd7 21.Rc7 Bb5+
22.Bd3 Be5 23.R7c5 Re8 24.Bxb5 axb5 25.a3 b4 26.Rc8 Kf8 27.Rxe8+ Kxe8 28.axb4 Ra4
29.Rc4 Ra2 30.Rc2 Ra4 31.Nf3 Bf6 32.Ne1 Rxb4 33.Nd3 Rb3 34.Kd2 Rb6 35.g3 Bg7
36.h4 h5 37.b4 Kd7 38.e4 Bd4 39.Rc4 Rd6 40.Ke2 b5 41.Rc2 Bb6 42.f3 Ke7 43.Nf4 Kd7
44.Nd5 Kd8 45.Nxb6 Rxb6 46.Rc5 Ke7 47.Ke3 Ke6 48.Rd5 f6 49.g4 hxg4 50.fxg4 Ke7
51.h5 g5 52.e5 Ke6 53.Rd6+  1-0

[Event "7th Open"]
[Site "La Fere FRA"]
[Date "2008.07.07"]
[Round "4"]
[White "Pavillon,G"]
[Black "Defrance,L"]
[Result "0-1"]
[WhiteElo "1797"]
[BlackElo "2167"]

1.c4 c6 2.Nc3 d5 3.d4 Nf6 4.Nf3 dxc4 5.a4 Bf5 6.Nh4 Bg4 7.Nf3 e6 8.e3 Nbd7
9.Bxc4 Bd6 10.e4 e5 11.Qb3 O-O 12.Nxe5 Nxe5 13.dxe5 Bxe5 14.O-O Nh5 15.Be3 Qf6
16.Be2 Be6 17.Bc4 Qh4 18.f4 Nxf4 19.Bxf4 Bxf4 20.g3 Be3+ 21.Kh1 Bxc4 22.Qxc4 Qe7
23.Rf5 Rad8 24.Re1 Rd4  0-1

[Event "XVII Burgas Open"]
[Site "Ourense ESP"]
[Date "2008.07.07"]
[Round "5"]
[White "Figueiredo,B"]
[Black "Lorenzo Duran,M"]
[Result "1/2-1/2"]
[WhiteElo "1933"]
[BlackElo "2214"]

1.c4 c6 2.e4 d5 3.cxd5 cxd5 4.exd5 Nf6 5.Nc3 Nxd5 6.d4 g6 7.Nf3 Bg7 8.Bb5+ Bd7
9.Bxd7+ Qxd7 10.O-O Nc6 11.Qb3 Rd8 12.Rd1 O-O 13.Ne5 Qe6 14.Nxc6 Qxc6 15.Bg5 Nxc3
16.bxc3 Rd7 17.Re1 e6 18.Rab1 Rc8 19.Re3 b6 20.Rbe1 Rd5 21.Bf4 Qc4 22.h3 Rb5
23.Qxc4 Rxc4 24.R1e2 Ra5 25.Rd3 h5 26.Kh2 Ra3 27.Bb8 a6 28.d5 exd5 29.Rxd5 Raxc3
30.Rd8+ Kh7 31.Rd7 Rc2 32.Rxc2 Rxc2 33.Rxf7 Kg8 34.Re7 Rxf2 35.a4 Bd4 36.Re4 Bc5
37.Rc4 a5 38.Be5 Re2 39.Bf4 Rb2 40.Kg3 Rb4 41.Rxb4 Bxb4 42.Kf3 Kf7 43.Ke4 Ke6
44.Be5 Bc5 45.Bb2 Be7 46.Bd4 Bc5 47.Bb2 Bf2 48.Be5 Bg1 49.Bf4 Kf6 50.Bd2 Bc5
51.Bf4 g5 52.Be5+ Ke6 53.g4 hxg4 54.hxg4 Bd6 55.Bd4 Bc7 56.Be3 Bd8 57.Bd4 Kd6
58.Be3 Kc6 59.Kd4 b5 60.axb5+ Kxb5 61.Kc3 Bf6+ 62.Kb3 a4+ 63.Ka2 Be7 64.Kb2 Kc4
65.Kc2 Bf6 66.Bc1 Be7 67.Kb2 Kb4 68.Bd2+ Kb5 69.Be3 Kb4 70.Bd2+ Kc4 71.Be1 Bf6+
72.Ka3 Kb5 73.Bd2 Be7+ 74.Kb2 Kc4 75.Bc1 a3+ 76.Ka2  1/2-1/2

[Event "36th TCh-GRE"]
[Site "Kallithea Halkidiki GRE"]
[Date "2008.07.10"]
[Round "7"]
[White "Willemze,T"]
[Black "Festas,G"]
[Result "1-0"]
[WhiteElo "2398"]
[BlackElo "2172"]

1.c4 c6 2.e4 d5 3.cxd5 cxd5 4.exd5 Qxd5 5.Nc3 Qd6 6.Nf3 Nf6 7.d4 e6 8.Bd3 Bd7
9.O-O Be7 10.Ne5 O-O 11.Bg5 Bc6 12.Qe2 h6 13.Bxf6 Bxf6 14.Ne4 Qe7 15.Rad1 Rd8
16.Bb1 g6 17.Nxf6+ Qxf6 18.Ng4 Qg7 19.Qe5 Nd7 20.Qf4 Kh7 21.h4 h5 22.Ne5 Kg8
23.Be4 Bxe4 24.Qxe4 Rab8 25.Qf4 Nf6 26.Rd3 Nd5 27.Qd2 Ne7 28.Qa5 a6 29.Rc1 Nd5
30.Rf3 Rf8 31.Nd7 Rbc8 32.Qd2 Rfd8 33.Ne5 Rxc1+ 34.Qxc1 Rf8 35.Qc5 Qh6 36.Kh2 Kg7
37.Qd6 Kg8 38.Nxg6 Qxg6 39.Rg3 Qxg3+ 40.Qxg3+  1-0

[Event "ch-NOR Elite"]
[Site "Tonsberg NOR"]
[Date "2008.07.10"]
[Round "6"]
[White "Ostenstad,B"]
[Black "Hole,O"]
[Result "1-0"]
[WhiteElo "2483"]
[BlackElo "2387"]

1.c4 c6 2.e4 d5 3.cxd5 cxd5 4.exd5 Nf6 5.Nc3 Nxd5 6.Nf3 e6 7.Bc4 Be7 8.d4 O-O
9.O-O Nc6 10.Re1 Nxc3 11.bxc3 b6 12.Bd3 Bb7 13.h4 Na5 14.Ng5 h6 15.Qh5 Rc8
16.Bd2 Nc4 17.Bf4 e5 18.Bh7+ Kh8 19.dxe5 f5 20.Rad1 Qc7 21.Bg6 Nb2 22.Nf7+ Rxf7
23.Bxf7 Bf8 24.Bxh6 gxh6 25.Rd6  1-0

[Event "5th Sth Wales Int"]
[Site "Trefforst WLS"]
[Date "2008.07.10"]
[Round "8"]
[White "Miezis,N"]
[Black "Marusenko,P"]
[Result "1-0"]
[WhiteElo "2540"]
[BlackElo "2327"]

1.c4 c6 2.e4 d5 3.exd5 cxd5 4.cxd5 Nf6 5.Nc3 Nxd5 6.Nf3 Nxc3 7.bxc3 g6 8.h4 h6
9.d4 Bg7 10.Bf4 Qa5 11.Qd2 Bf5 12.Ne5 Nc6 13.Nc4 Qa4 14.Ne3 Bd7 15.Rb1 e5
16.Bb5 Qa3 17.dxe5 O-O-O 18.Nc4 Qe7 19.Nd6+ Kc7 20.Qe3 g5 21.Bg3 Nxe5 22.Nxf7 Qxf7
23.Bxe5+ Bxe5 24.Qxe5+ Kc8 25.O-O gxh4 26.Qc5+ Kb8 27.Qd6+ Kc8 28.Ba6 Bf5
29.Qc6+  1-0

[Event "XXXI Open"]
[Site "Barbera del Valles ESP"]
[Date "2008.07.11"]
[Round "7"]
[White "Asis Gargatagli,H"]
[Black "Cuartas,Ja"]
[Result "1-0"]
[WhiteElo "2396"]
[BlackElo "2495"]

1.c4 c6 2.Nf3 d5 3.d4 Nf6 4.Nc3 e6 5.Bg5 Nbd7 6.cxd5 exd5 7.Qc2 Qa5 8.Bd2 Be7
9.e3 a6 10.g4 h6 11.Rg1 Qd8 12.h4 Nf8 13.Ne5 N6d7 14.O-O-O Bxh4 15.f4 Nxe5
16.dxe5 Qb6 17.Rg2 Bd7 18.f5 Qc5 19.b4 Qe7 20.e4 d4 21.Na4 Qxe5 22.Nb6 d3
23.Qc3 Qxc3+ 24.Bxc3 Rd8 25.Bxg7 Bg5+ 26.Kb1 Rg8 27.Be5 c5 28.Bc7 Bc6 29.Bxd8 Bxd8
30.bxc5 Be7 31.Bxd3 Bxc5 32.Nc4 Nd7 33.Na5 Ne5 34.Nxc6 Nxc6 35.Bxa6 Ke7 36.Bxb7 Ne5
37.Bd5 Nxg4 38.Bb3 h5 39.e5 Rb8 40.f6+ Ke8 41.Rh1 Rb4 42.Rxh5 Re4 43.e6 Re1+
44.Kb2 Bd4+ 45.Kc2 Nxf6 46.exf7+ Ke7 47.Rh8  1-0

[Event "Maestro Open"]
[Site "Berdsk RUS"]
[Date "2008.07.11"]
[Round "4"]
[White "Glukhov,M"]
[Black "Medvedev,E"]
[Result "1/2-1/2"]
[WhiteElo "2237"]
[BlackElo "2021"]

1.c4 c6 2.Nf3 d5 3.e3 Nf6 4.b3 Bg4 5.Bb2 e6 6.Be2 Nbd7 7.O-O Bd6 8.d4 O-O
9.Nbd2 Bf5 10.Ne5 Ne4 11.Nxe4 Bxe4 12.Bd3 Bxd3 13.Qxd3 f5 14.f3 Rf6 15.Nxd7 Qxd7
16.e4 Rh6 17.h3 Qf7 18.Rad1 Qg6 19.e5 Be7 20.f4 Kh8 21.cxd5 exd5 22.Rf3 Rg8
23.Bc1 Qe6 24.Kf1 Rg6 25.Bd2 Rh6 26.Rc1 Rg6 27.Rc2 Qf7 28.Be1 Rh6 29.b4 Rc8
30.b5 Rg6 31.Qb3 Bf8 32.Bb4 Bxb4 33.Qxb4 Qd7 34.Rfc3 Kg8 35.Qa4 a6 36.bxc6 bxc6
37.Qxa6 c5 38.Qxc8+ Qxc8 39.Rxc5 Qa6+ 40.Kg1 Rb6 41.Rc8+ Kf7 42.R2c7+ Kg6
43.Rg8 Rb1+ 44.Kh2 Rh1+ 45.Kxh1 Qf1+ 46.Kh2 Qxf4+ 47.Kh1 Qf1+ 48.Kh2  1/2-1/2

[Event "7th Open"]
[Site "La Fere FRA"]
[Date "2008.07.11"]
[Round "8"]
[White "Soyez,C"]
[Black "Piankov,E"]
[Result "1/2-1/2"]
[WhiteElo "2254"]
[BlackElo "2337"]

1.c4 c6 2.g3 d5 3.Bg2 Nf6 4.Nf3 Bg4 5.Qb3 Qb6 6.Qxb6 axb6 7.Ne5 Be6 8.b3 g6
9.Bb2 Bg7 10.d4 dxc4 11.Nxc4 b5 12.Ncd2 O-O 13.Nc3 Rd8 14.e3 Nbd7 15.O-O Nb6
16.Nde4 Nxe4 17.Nxe4 Bd5 18.Nc5 Bxg2 19.Kxg2 Nd7 20.Rfc1 Nxc5 21.Rxc5 e5
22.a4 bxa4 23.Rxa4 Rxa4 24.bxa4 exd4 25.exd4 Bxd4 26.Rc2 Bxb2 27.Rxb2 Rd7
28.a5 Kg7 29.Rb6 Rc7 30.a6 bxa6 31.Rxa6 Kf6 32.Kf3 Ke5 33.Ke3 h5 34.h4 Kd5
35.f3 f6 36.Ra8 Ke5 37.Rg8 Kf5 38.g4+ hxg4 39.fxg4+ Kxg4 40.Rxg6+ Kf5 41.Rg1 c5
42.h5 Ke5 43.h6 Rh7 44.Rh1 Kf5 45.Rh5+ Kg4 46.Rxc5 Rxh6 47.Kf2 f5 48.Rc3 Rh2+
49.Kf1 Ra2 50.Rb3  1/2-1/2

[Event "1st ITT 54th Aniv Martelli"]
[Site "Villa Martelli ARG"]
[Date "2008.07.13"]
[Round "8"]
[White "Filgueira,H"]
[Black "Iermito,S"]
[Result "1/2-1/2"]
[WhiteElo "2330"]
[BlackElo "2385"]

1.c4 c6 2.e4 d5 3.exd5 cxd5 4.cxd5 Nf6 5.Nc3 Nxd5 6.Bc4 Nxc3 7.bxc3 Nc6 8.Nf3 e6
9.O-O Be7 10.d4 O-O 11.Bd3 b6 12.Re1 Bb7 13.h4 Bf6 14.Ng5 g6 15.Qg4 h5 16.Qg3 Ne7
17.Bf4 Nf5 18.Bxf5  1/2-1/2

[Event "Aegean Open"]
[Site "Aghios Kirykos GRE"]
[Date "2008.07.16"]
[Round "5"]
[White "Shneider,Alek"]
[Black "Postny,E"]
[Result "1/2-1/2"]
[WhiteElo "2537"]
[BlackElo "2661"]

1.c4 c6 2.d4 d5 3.Nf3 Nf6 4.Nc3 dxc4 5.a4 e6 6.e3 c5 7.Bxc4 Nc6 8.O-O cxd4
9.Nxd4 Bd7 10.Qe2 Qb8 11.Nxc6 Bxc6 12.e4 Bd6 13.f4 e5 14.f5 h6 15.Be3 O-O
16.Bf2 Rc8 17.Bh4 Be7 18.Bxf6 Bxf6 19.Nd5 Qd6 20.Kh1 Bxd5 21.Bxd5 Rc7  1/2-1/2

[Event "1st IRT 54th Aniv Martelli"]
[Site "Villa Martelli ARG"]
[Date "2008.07.16"]
[Round "9"]
[White "Aguinaga,M"]
[Black "Bernal,G"]
[Result "0-1"]
[WhiteElo "1969"]
[BlackElo "2105"]

1.c4 c6 2.Nc3 d5 3.cxd5 cxd5 4.d4 Nc6 5.g3 Nf6 6.Bg2 e6 7.Nf3 Be7 8.O-O O-O
9.a3 b6 10.h3 Bb7 11.Nh2 Rc8 12.e3 Ba6 13.Re1 Na5 14.Ng4 Bc4 15.Bd2 Bb3 16.Qe2 Bc4
17.Qd1 Nb3 18.Rb1 b5 19.Bf1 Qb6 20.Ne5 a5 21.Bxc4 bxc4 22.g4 Rfd8 23.f4 Nd7
24.Ne2 Nxe5 25.fxe5 f6 26.exf6 Bxf6 27.Bc3 Bg5 28.Nc1 Qd6 29.Qf3 Rf8 30.Qg2 Rf7
31.Nxb3 Rcf8 32.Re2 Rf3 33.Nd2 Rg3 34.Bxa5 Rxg2+ 35.Kxg2 Bh4 36.Nf1 Rxf1
37.Kxf1 Qg3 38.Bd2 Qf3+  0-1

[Event "ZMD Open"]
[Site "Dresden GER"]
[Date "2008.07.19"]
[Round "1"]
[White "Miezis,N"]
[Black "Mertens,P"]
[Result "1-0"]
[WhiteElo "2540"]
[BlackElo "1901"]

1.c4 c6 2.e4 d5 3.cxd5 cxd5 4.exd5 Qxd5 5.Nc3 Qd8 6.Nf3 Nf6 7.d4 e6 8.Bc4 Bb4
9.O-O O-O 10.Bb3 Nc6 11.Re1 b6 12.Bg5 Be7 13.Qd3 Nb4 14.Qd2 Bb7 15.Ne5 Nbd5
16.Qd3 Rc8 17.Rad1 a6 18.Bd2 Qd6 19.Qh3 Rfd8 20.Bg5 b5 21.Rd3 Nxc3 22.Nxf7 Kxf7
23.Rxe6  1-0

[Event "19th Czech Chladek & Tintera A Open"]
[Site "Pardubice CZE"]
[Date "2008.07.19"]
[Round "2"]
[White "Schlosser,P"]
[Black "Kireev,Al"]
[Result "1/2-1/2"]
[WhiteElo "2567"]
[BlackElo "2387"]

1.c4 c6 2.e4 e5 3.Nf3 d6 4.d4 Nd7 5.Nc3 Ngf6 6.Be2 Be7 7.O-O O-O 8.Be3 Re8
9.d5 c5 10.a3 Nf8 11.Ne1 Ng6 12.Nd3 b6 13.b4 Bd7 14.Kh1 Rf8 15.Rb1 Qc8 16.bxc5 bxc5
17.f3 Rb8 18.Qc2 Qa6 19.Nb5 Rfc8 20.a4 Ne8 21.g3 Ra8 22.f4 f6 23.Bd2 Rcb8
24.Nf2 Qc8 25.Bd3 a6 26.Na3 Ra7 27.a5 Rab7 28.Rxb7 Rxb7 29.f5 Nh8 30.Bc3 Qb8  1/2-1/2

[Event "XXVI Andorra Open"]
[Site "La Massana AND"]
[Date "2008.07.20"]
[Round "2"]
[White "Richardson,Kei"]
[Black "Narciso Dublan,M"]
[Result "0-1"]
[WhiteElo "2192"]
[BlackElo "2525"]

1.c4 c6 2.Nf3 d5 3.e3 Nf6 4.Be2 e6 5.O-O Bd6 6.d4 Nbd7 7.Nc3 O-O 8.Qc2 dxc4
9.Bxc4 b5 10.Bd3 Bb7 11.e4 e5 12.Ne2 c5 13.dxc5 Nxc5 14.Ng3 Rc8 15.Qe2 b4
16.Rd1 Nxd3 17.Qxd3 Bc5 18.Qxd8 Rfxd8 19.Rxd8+ Rxd8 20.Bg5 h6 21.Bxf6 gxf6
22.Re1 Kh7 23.Re2 Rd1+ 24.Re1 Rd3 25.h4 Bb6 26.Re2 Rd1+ 27.Kh2 Bc8 28.Nd2 Bg4
29.Nf3 a5 30.Rc2 a4 31.Rc6 Bxf2 32.Rxf6 Be6 33.Nxe5 Bg1+ 34.Kh1 Bd4+  0-1

[Event "ZMD Open"]
[Site "Dresden GER"]
[Date "2008.07.22"]
[Round "4"]
[White "Kempinski,R"]
[Black "Wigger,J"]
[Result "1-0"]
[WhiteElo "2613"]
[BlackElo "2291"]

1.c4 c6 2.d4 d5 3.Nc3 dxc4 4.Nf3 Nf6 5.g3 b5 6.Bg2 Bb7 7.O-O e6 8.e4 Be7
9.Qe2 Nbd7 10.Rd1 Nb6 11.a4 b4 12.Nb1 a5 13.Ne5 Nfd7 14.Nxc4 O-O 15.Nxb6 Nxb6
16.Be3 Ba6 17.Qc2 Rc8 18.Nd2 Qc7 19.Bf4 Qa7 20.Nb3 Bb7 21.Qe2 Rfd8 22.Qh5 Nc4
23.Rdc1 g6 24.Qg4 h5 25.Qe2 Nb6 26.Qe3 Nd7 27.e5 Nb6 28.Bg5 Nd5 29.Qd2 Rd7
30.Bxe7 Nxe7 31.Be4 Rcd8 32.Qg5 Ba8 33.Rc4 Nf5 34.Bxf5 exf5 35.Rc5 Rd5 36.Re1 Qd7
37.e6  1-0

[Event "Politiken Cup"]
[Site "Helsingor DEN"]
[Date "2008.07.22"]
[Round "5"]
[White "Brorsen,J"]
[Black "Andersson,C"]
[Result "0-1"]
[WhiteElo "1882"]
[BlackElo "2144"]

1.c4 c6 2.Nc3 d5 3.cxd5 cxd5 4.d4 Nf6 5.Nf3 Nc6 6.g3 g6 7.Bg2 Bg7 8.O-O O-O
9.Qb3 Ne4 10.Rd1 Na5 11.Qb4 Nc6 12.Qb3 Bg4 13.Be3 Na5 14.Qb4 Rc8 15.h3 Nxc3
16.bxc3 Bd7 17.Nd2 b6 18.Kh2 Bc6 19.Bf4 f6 20.e4 Kh8 21.e5 fxe5 22.dxe5 e6
23.Ne4 Qc7 24.Nf6 g5 25.Be3 Qxe5 26.Bd4 Qf5 27.Nh5 Bxd4 28.Rxd4 Qf7 29.g4 Nc4
30.Re1 e5 31.Rd3 a5 32.Qb1 Qxf2 33.Rf1 Qb2 34.Qe1 d4 35.Rg3 Rf2 36.Kh1 Bxg2+
37.Rxg2 Rxg2  0-1

[Event "1st Open"]
[Site "Paleochora GRE"]
[Date "2008.07.22"]
[Round "2"]
[White "Delabaca,R"]
[Black "Postny,E"]
[Result "0-1"]
[WhiteElo "2178"]
[BlackElo "2661"]

1.c4 c6 2.e4 d5 3.cxd5 cxd5 4.exd5 Nf6 5.Qa4+ Nbd7 6.Nc3 g6 7.Bc4 Bg7 8.d3 O-O
9.Nf3 a6 10.Qa3 b6 11.O-O Bb7 12.Re1 Re8 13.Be3 Rc8 14.Rac1 b5 15.Bb3 Nb6
16.Bxb6 Qxb6 17.Qb4 Qd8 18.a4 Nxd5 19.Nxd5 Rxc1 20.Rxc1 Bxd5 21.axb5 Bxf3
22.gxf3 e6 23.Rc2 Bf8 24.Qe4 axb5 25.d4 Qg5+ 26.Qg4 Qf6 27.Qe4 Rd8 28.d5 exd5
29.Qd3 Bd6 30.Kf1 Bxh2 31.Bxd5 b4 32.Qc4 Kg7 33.Rd2 Bf4 34.Rd4 Be5 35.Re4 Rd7
36.b3 Rc7 37.Qxb4 Rc1+ 38.Re1 Bc3  0-1